000 00775nam a2200217 a 4500
005 20210223130609.0
008 080821s1984 mx r 000 0 spa d
035 _aUPN01000159421
049 _aUNE
080 _a159.922. 7 =20 KAM No.152.
100 1 _aKamii, Constance.
245 1 0 _aIntellectual and moral autonomy :
_boperational implications in child development ; a discussion paper on a Piagetian theory /
_cby Constance Kamii.
260 _aParís :
_bUNESCO ;
_aNew York :
_bUNICEF,
_c1984.
300 _a16 p.
440 0 _aNotes, comments... ;
_v152
690 _aDesarrollo mental - Desarrollo del niño
690 _aPsicologia del niño - Interaccion social
710 2 _aUNICEF
_924085
710 2 _aPrograma de Alimentación Mundial
905 _aUNESCO
999 _c131535
_d131535